[Event "Wch Seniors 65 29th"]
[Site "Bucharest"]
[Date "2019.11.20"]
[Round "8"]
[White "Yuksel, Mustafa"]
[Black "Blaushtain, Boris"]
[Result "0-1"]
[WhiteElo "2047"]
[BlackElo "1947"]
[PlyCount "104"]
[EventDate "2019.11.12"]
[EventType "swiss"]
[EventRounds "11"]
[EventCountry "ROU"]
[SourceTitle "CBM 193 Extra"]
[Source "ChessBase"]
[SourceDate "2020.01.31"]
[SourceVersion "1"]
[SourceVersionDate "2020.01.31"]
[SourceQuality "1"]

1. d4 Nf6 2. Bf4 b6 3. Nd2 Bb7 4. e3 e6 5. h3 d5 6. Ngf3 Nbd7 7. Bd3 Be7 8. Ne5 a6 9. Qf3 c5 10. c3 c4 11. Bc2 b5 12. 0-0 Qb6 13. Nxd7 Nxd7 14. e4 dxe4 15. Bxe4 Bxe4 16. Nxe4 0-0 17. Qg3 Kh8 18. Rfe1 Bf6 19. Rad1 Qc6 20. h4 Qd5 21. Be5 Rad8 22. f4 Rg8 23. Qf2 Be7 24. Ng5 Rgf8 25. Bc7 Rc8 26. Ba5 h6 27. Nf3 Qh5 28. d5 Bc5 29. Nd4 exd5 30. Bb4 Rfe8 31. Qf3 Qxf3 32. gxf3 Bxd4+ 33. cxd4 f5 34. Bd6 Kg8 35. Kf2 h5 36. Rxe8+ Rxe8 37. a4 Re6 38. Be5 Nb6 39. Rg1 g6 40. axb5 axb5 41. Ke2 Na4 42. Kd2 b4 43. Ra1 Ra6 44. Kc2 b3+ 45. Kb1 Kf7 46. Ra3 Ke6 47. Ra1 Kd7 48. Bg7 Kc6 49. Bf6 Kb5 50. Bg7 c3 51. bxc3 Kc4 52. Ra3 Nxc3+ 0-1

[Event "Wch Seniors 65 26th"]
[Site "Marianske Lazne"]
[Date "2016.11.29"]
[Round "10"]
[White "Mueller, Lutz"]
[Black "Blaushtain, Boris"]
[Result "0-1"]
[WhiteElo "2070"]
[BlackElo "1991"]
[PlyCount "156"]
[EventDate "2016.11.19"]
[EventType "swiss"]
[EventRounds "11"]
[EventCountry "CZE"]
[SourceTitle "CBM 175 Extra"]
[Source "ChessBase"]
[SourceDate "2016.12.12"]
[SourceVersion "1"]
[SourceVersionDate "2016.12.12"]
[SourceQuality "1"]

1. d4 Nf6 2. Nf3 e6 3. e3 b6 4. Bd3 Bb7 5. Nbd2 d5 6. 0-0 Nbd7 7. b3 Bd6 8. Bb2 0-0 9. Ne5 c5 10. f4 g6 11. Rf3 cxd4 12. exd4 Ne4 13. Qe2 Nxd2 14. Qxd2 Qe7 15. Raf1 f5 16. Nxd7 Qxd7 17. Qe2 Bc6 18. h4 Kf7 19. h5 Be7 20. Re3 Bd6 21. Qf3 Qc7 22. Re2 Rg8 23. Bc1 b5 24. Rfe1 Rae8 25. c3 a5 26. Rc2 Qd7 27. Qh3 Be7 28. Re5 Bf6 29. Rf2 Qd6 30. Rfe2 Bd7 31. Qf3 b4 32. Bb2 Bxe5 33. fxe5 Qb6 34. Kh2 Rc8 35. c4 Bc6 36. Qe3 Qd8 37. g3 Ra8 38. Bc1 a4 39. c5 axb3 40. axb3 Qe7 41. Qh6 Ke8 42. Rf2 Qg7 43. Qf4 g5 44. Qd2 Rb8 45. Kg2 h6 46. g4 f4 47. Kf3 Qa7 48. Bb2 Rg7 49. Bb1 Ke7 50. Rf1 Be8 51. Rc1 Kf8 52. Bd3 Qb7 53. Qe1 Bb5 54. Bb1 Qc6 55. Qd2 Ba6 56. Qc2 Bc8 57. Qe2 Bd7 58. Bd3 Be8 59. Qc2 Ra8 60. Qe2 Rb7 61. Qc2 Rg7 62. Qe2 Kg8 63. Qd2 Qb7 64. Bb1 Rb8 65. Qc2 Qe7 66. Qd2 Bxh5 67. gxh5 g4+ 68. Ke2 Qh4 69. Bg6 f3+ 70. Kd3 Rxg6 71. hxg6 g3 72. Qe3 Rf8 73. c6 f2 74. c7 Kg7 75. Rf1 Rc8 76. Qf3 Qe4+ 77. Qxe4 dxe4+ 78. Ke2 g2 0-1

[Event "Wch Seniors 65 26th"]
[Site "Marianske Lazne"]
[Date "2016.11.22"]
[Round "4"]
[White "Blaushtain, Boris"]
[Black "Mlynek, Petr"]
[Result "1/2-1/2"]
[WhiteElo "1991"]
[BlackElo "2139"]
[PlyCount "119"]
[EventDate "2016.11.19"]
[EventType "swiss"]
[EventRounds "11"]
[EventCountry "CZE"]
[SourceTitle "CBM 175 Extra"]
[Source "ChessBase"]
[SourceDate "2016.12.12"]
[SourceVersion "1"]
[SourceVersionDate "2016.12.12"]
[SourceQuality "1"]

1. c4 c6 2. d4 d5 3. e3 e6 4. a3 Bd6 5. Nf3 f5 6. Nc3 Nf6 7. Bd3 0-0 8. b3 Ne4 9. Bb2 Bd7 10. Qc2 Qe7 11. g3 Be8 12. c5 Bc7 13. b4 Nd7 14. Ne2 Qf6 15. Nd2 Bh5 16. f4 Nxd2 17. Qxd2 Bf3 18. 0-0 Be4 19. Bxe4 fxe4 20. a4 Qh6 21. Kg2 Qh5 22. Ng1 Rf6 23. Qe2 Qxe2+ 24. Nxe2 a6 25. Bc3 Rff8 26. Bd2 b6 27. a5 bxa5 28. bxa5 Rfb8 29. Rab1 Rb5 30. Nc3 Rxb1 31. Rxb1 Rb8 32. Rxb8+ Nxb8 33. Na4 Kf7 34. Bb4 Nd7 35. Nb6 Nf6 36. h3 h5 37. Bd2 Ke8 38. Na4 Nh7 39. Be1 g5 40. Bd2 gxf4 41. gxf4 Nf8 42. Be1 Ng6 43. Bd2 Nh4+ 44. Kg3 Nf3 45. Bc3 Bd8 46. Nb2 Bh4+ 47. Kg2 Kf7 48. Kf1 Bg3 49. Nd1 Kg6 50. Nf2 Bxf2 51. Kxf2 Nh4 52. Bd2 Nf5 53. Kg2 Ng7 54. Kg3 Ne8 55. Kf2 Nc7 56. Ke2 Nb5 57. Bb4 Kf5 58. Kf2 Nc7 59. Kg3 Nb5 60. Kf2 1/2-1/2

[Event "Wch Seniors 65 26th"]
[Site "Marianske Lazne"]
[Date "2016.11.19"]
[Round "1"]
[White "Bogdanov, Valentin"]
[Black "Blaushtain, Boris"]
[Result "1/2-1/2"]
[WhiteElo "2385"]
[BlackElo "1991"]
[PlyCount "75"]
[EventDate "2016.11.19"]
[EventType "swiss"]
[EventRounds "11"]
[EventCountry "CZE"]
[SourceTitle "CBM 175 Extra"]
[Source "ChessBase"]
[SourceDate "2016.12.12"]
[SourceVersion "1"]
[SourceVersionDate "2016.12.12"]
[SourceQuality "1"]

1. d4 g6 2. Nf3 Bg7 3. c4 e6 4. Nc3 Ne7 5. Bf4 0-0 6. e3 a6 7. Rc1 d6 8. Be2 Nd7 9. Qb3 e5 10. Bg5 h6 11. Bxe7 Qxe7 12. dxe5 Nxe5 13. Nd5 Qd8 14. 0-0 Rb8 15. Rfd1 b6 16. Nxe5 Bxe5 17. Bf3 Bd7 18. Rd2 a5 19. Qd1 Kh7 20. g3 f5 21. b3 Rf7 22. h4 Be6 23. Nc3 Qf6 24. Ne2 g5 25. hxg5 hxg5 26. Nd4 Bd7 27. Bd5 Re7 28. Kg2 Kg7 29. Nc6 Bxc6 30. Bxc6 f4 31. Qg4 fxe3 32. fxe3 Rf7 33. Bd5 Qf5 34. Qe2 Rh8 35. Bxf7 Qh3+ 36. Kf3 Qf5+ 37. Kg2 Qh3+ 38. Kf3 1/2-1/2

[Event "Wch Seniors 65 24th"]
[Site "Katerini"]
[Date "2014.10.25"]
[Round "2"]
[White "Shamis, Mordehai"]
[Black "Blaushtain, Boris"]
[Result "0-1"]
[WhiteElo "1824"]
[BlackElo "2018"]
[PlyCount "64"]
[EventDate "2014.10.24"]
[EventType "swiss"]
[EventRounds "11"]
[EventCountry "GRE"]
[SourceTitle "EXT 2015"]
[Source "ChessBase"]
[SourceDate "2014.11.20"]
[SourceVersion "1"]
[SourceVersionDate "2014.11.20"]
[SourceQuality "1"]

1. d4 Nf6 2. c4 e6 3. Nc3 d5 4. Bg5 Nbd7 5. e3 c6 6. cxd5 exd5 7. Bd3 Bd6 8. Nge2 0-0 9. h3 Re8 10. 0-0 h6 11. Bf4 Nf8 12. Qc2 Ne6 13. Bxd6 Qxd6 14. Ng3 Ng5 15. Rae1 Bd7 16. Bf5 Rad8 17. Bxd7 Qxd7 18. b4 g6 19. a4 Nxh3+ 20. Kh2 Ng5 21. f3 Qd6 22. b5 h5 23. f4 Ng4+ 24. Kg1 Nxe3 25. Rxe3 Rxe3 26. Nxh5 Nh7 27. Nd1 Ra3 28. bxc6 bxc6 29. Nc3 gxh5 30. Rf3 Ra1+ 31. Kh2 Nf6 32. Qf5 Ng4+ 0-1

[Event "Wch Seniors 65 24th"]
[Site "Katerini"]
[Date "2014.10.24"]
[Round "1"]
[White "Blaushtain, Boris"]
[Black "Pritchett, Craig William"]
[Result "0-1"]
[WhiteElo "2018"]
[BlackElo "2315"]
[PlyCount "86"]
[EventDate "2014.10.24"]
[EventType "swiss"]
[EventRounds "11"]
[EventCountry "GRE"]
[SourceTitle "EXT 2015"]
[Source "ChessBase"]
[SourceDate "2014.11.20"]
[SourceVersion "1"]
[SourceVersionDate "2014.11.20"]
[SourceQuality "1"]

1. c4 Nf6 2. d4 e6 3. Nf3 Bb4+ 4. Bd2 Qe7 5. a3 Bxd2+ 6. Nbxd2 0-0 7. e3 d6 8. Be2 e5 9. d5 c5 10. h3 Nbd7 11. Qc2 a6 12. Ne4 Nxe4 13. Qxe4 f5 14. Qc2 e4 15. Nd2 Nf6 16. g3 Bd7 17. Qc3 b5 18. b3 Rab8 19. Rb1 b4 20. Qa1 a5 21. a4 Be8 22. Kd1 Bh5 23. Bxh5 Nxh5 24. Qb2 Rbe8 25. Nf1 Nf6 26. Qe2 Nd7 27. Nd2 Qf6 28. Nf1 Ne5 29. Qb2 Re7 30. Qe2 g6 31. Qb2 g5 32. h4 Qh6 33. Qe2 f4 34. Nd2 fxg3 35. fxg3 Nf3 36. Rf1 g4 37. Rf2 Qh5 38. Nf1 Ref7 39. Qb2 Ne5 40. Rxf7 Qxf7 41. Nd2 Nd3 42. Qc2 Qf2 43. Nxe4 Qe1# 0-1

[Event "EU-ch Seniors 13th"]
[Site "Plovdiv"]
[Date "2013.03.17"]
[Round "7"]
[White "Johnsen, Oystein"]
[Black "Blaushtain, Boris"]
[Result "1-0"]
[WhiteElo "1951"]
[BlackElo "2067"]
[PlyCount "73"]
[EventDate "2013.03.11"]
[EventType "swiss"]
[EventRounds "9"]
[EventCountry "BUL"]
[SourceTitle "CBM 153 Extra"]
[Source "ChessBase"]
[SourceDate "2013.04.22"]
[SourceVersion "1"]
[SourceVersionDate "2013.04.22"]
[SourceQuality "1"]

1. d4 Nf6 2. Nf3 d5 3. e3 e6 4. Bd3 c5 5. b3 Nc6 6. Bb2 a6 7. Nbd2 cxd4 8. Nxd4 Bd6 9. 0-0 Qc7 10. f4 e5 11. fxe5 Bxe5 12. N2f3 Bg4 13. h3 Bxf3 14. Qxf3 Bh2+ 15. Kh1 Ne5 16. Qf5 Nxd3 17. cxd3 Bd6 18. Rac1 Qd8 19. Qg5 Rg8 20. Nf5 Bf8 21. Qf4 Qd7 22. Rc7 Qe6 23. Rfc1 g6 24. Nd4 Qd6 25. Rxb7 Qxf4 26. exf4 Bd6 27. Rc6 Rd8 28. Rxa6 Nh5 29. Nc6 Ng3+ 30. Kg1 Bxf4 31. Kf2 Rc8 32. Re7+ Kf8 33. Ba3 Kg7 34. Bb2+ Kh6 35. Kf3 Bd6 36. Rxf7 Nf5 37. Bc1+ 1-0

[Event "Wch Seniors 22nd"]
[Site "Kamena Vourla"]
[Date "2012.11.23"]
[Round "10"]
[White "Voon, Richard"]
[Black "Blaushtain, Boris"]
[Result "1-0"]
[WhiteElo "1949"]
[BlackElo "2092"]
[PlyCount "45"]
[EventDate "2012.11.13"]
[EventType "swiss"]
[EventRounds "11"]
[EventCountry "GRE"]
[SourceTitle "CBM 151 Extra"]
[Source "ChessBase"]
[SourceDate "2012.12.18"]
[SourceVersion "1"]
[SourceVersionDate "2012.12.18"]
[SourceQuality "1"]

1. c4 Nf6 2. Nc3 e6 3. Nf3 d5 4. d4 h6 5. Bf4 Be7 6. e3 0-0 7. Rc1 c6 8. h3 Nbd7 9. a3 a5 10. Qc2 Nh5 11. Bh2 g6 12. Bd3 f5 13. cxd5 exd5 14. 0-0 Ng7 15. Ne5 Nxe5 16. Bxe5 g5 17. Ne2 Qe8 18. Ng3 Qf7 19. f4 g4 20. hxg4 fxg4 21. Bh7+ Kh8 22. Bg6 Qg8 23. Nh5 1-0

[Event "EU-ch 13th"]
[Site "Plovdiv"]
[Date "2012.03.27"]
[Round "7"]
[White "Levin, Yonatan"]
[Black "Blaushtain, Boris"]
[Result "1-0"]
[WhiteElo "2016"]
[BlackElo "2105"]
[PlyCount "69"]
[EventDate "2012.03.20"]
[EventType "swiss"]
[EventRounds "11"]
[EventCountry "BUL"]
[SourceTitle "CBM 148"]
[Source "ChessBase"]
[SourceDate "2012.05.16"]
[SourceVersion "1"]
[SourceVersionDate "2012.05.16"]
[SourceQuality "1"]

1. e4 c6 2. d4 d5 3. exd5 cxd5 4. c4 Nf6 5. Nc3 Bf5 6. Qb3 Nc6 7. cxd5 Na5 8. Qa4+ Bd7 9. Qd1 Rc8 10. Nf3 Nc4 11. Ne5 Nd6 12. Be2 g6 13. a4 a6 14. a5 Bg7 15. 0-0 0-0 16. Bf3 Nb5 17. Re1 Be8 18. Qd3 Nxc3 19. bxc3 Nxd5 20. Bd2 Bxe5 21. Rxe5 Bb5 22. Qe4 Nxc3 23. Qe3 Na4 24. Rxe7 Rc7 25. Bb4 Re8 26. Rxe8+ Bxe8 27. Re1 Bb5 28. Be7 Qe8 29. h3 Qc8 30. d5 Bd7 31. Qh6 Rc4 32. d6 Nc5 33. Bg4 Re4 34. Rc1 Be6 35. Rxc5 1-0

[Event "EU-ch 13th"]
[Site "Plovdiv"]
[Date "2012.03.20"]
[Round "1"]
[White "Blaushtain, Boris"]
[Black "Pap, Gyula"]
[Result "0-1"]
[WhiteElo "2105"]
[BlackElo "2538"]
[PlyCount "62"]
[EventDate "2012.03.20"]
[EventType "swiss"]
[EventRounds "11"]
[EventCountry "BUL"]
[SourceTitle "CBM 148"]
[Source "ChessBase"]
[SourceDate "2012.05.16"]
[SourceVersion "1"]
[SourceVersionDate "2012.05.16"]
[SourceQuality "1"]

1. c4 g6 2. g3 Bg7 3. Bg2 f5 4. f4 Nf6 5. Nc3 0-0 6. d4 d6 7. Nf3 Nc6 8. 0-0 a6 9. e3 Rb8 10. Qe2 Kh8 11. d5 Na5 12. Rb1 c5 13. dxc6 Nxc6 14. Nd4 Qc7 15. b3 Nxd4 16. exd4 b5 17. Bd2 Qa7 18. Qd3 bxc4 19. bxc4 Be6 20. Kh1 Rxb1 21. Rxb1 Ng4 22. Be3 Nxe3 23. Qxe3 Bxc4 24. Rb7 Qxd4 25. Qxd4 Bxd4 26. Bd5 Bf1 27. Rc7 e5 28. fxe5 dxe5 29. Bb7 e4 30. Nd5 e3 31. Re7 Bc5 0-1

[Event "EU-chT Seniors"]
[Site "Thessaloniki"]
[Date "2011.05.07"]
[Round "5"]
[White "Blaushtain, Boris"]
[Black "Rosen, Willy"]
[Result "0-1"]
[WhiteElo "2115"]
[BlackElo "2285"]
[PlyCount "58"]
[EventDate "2011.05.03"]
[EventType "team-swiss"]
[EventRounds "9"]
[EventCountry "GRE"]
[SourceTitle "CBM 142 Extra"]
[Source "ChessBase"]
[SourceDate "2011.06.27"]
[SourceVersion "1"]
[SourceVersionDate "2011.06.27"]
[SourceQuality "1"]
[WhiteTeam "Israel II"]
[BlackTeam "Katernberg"]
[WhiteTeamCountry "ISR"]
[BlackTeamCountry "GER"]

1. d4 Nf6 2. c4 e6 3. a3 b6 4. Nc3 Bb7 5. Nf3 Be7 6. g3 Ne4 7. Nxe4 Bxe4 8. Bg2 0-0 9. 0-0 c5 10. dxc5 bxc5 11. Ne5 Bxg2 12. Kxg2 d6 13. Nd3 a5 14. e4 Nc6 15. Be3 a4 16. f4 Qa5 17. Bd2 Qa6 18. Rc1 Rfb8 19. Be3 Rb3 20. Rf2 Na5 21. Rfc2 Qc6 22. Kf3 f5 23. Nf2 Bf6 24. Rd2 Bd4 25. Rxd4 cxd4 26. Qxd4 Rc8 27. c5 dxc5 28. Qe5 Rb5 29. Bd2 c4 0-1

[Event "EU-chT Seniors"]
[Site "Thessaloniki"]
[Date "2011.05.06"]
[Round "4"]
[White "MacDonald Ross, Michael"]
[Black "Blaushtain, Boris"]
[Result "1/2-1/2"]
[WhiteElo "2157"]
[BlackElo "2115"]
[PlyCount "91"]
[EventDate "2011.05.03"]
[EventType "team-swiss"]
[EventRounds "9"]
[EventCountry "GRE"]
[SourceTitle "CBM 142 Extra"]
[Source "ChessBase"]
[SourceDate "2011.06.27"]
[SourceVersion "1"]
[SourceVersionDate "2011.06.27"]
[SourceQuality "1"]
[WhiteTeam "England II"]
[BlackTeam "Israel II"]
[WhiteTeamCountry "ENG"]
[BlackTeamCountry "ISR"]

1. d4 Nf6 2. Nf3 d5 3. c4 e6 4. g3 Nbd7 5. Bg2 c6 6. Qc2 Bd6 7. 0-0 0-0 8. Nbd2 h6 9. b3 e5 10. cxd5 Nxd5 11. Nc4 Qe7 12. dxe5 Nxe5 13. Nfxe5 Bxe5 14. Ba3 Qf6 15. Nxe5 Qxe5 16. Bxf8 Kxf8 17. Qc5+ Qe7 18. Qxe7+ Nxe7 19. Rfd1 Be6 20. Rd2 a5 21. Rad1 Ke8 22. e4 f6 23. f4 g6 24. Rd6 Kf7 25. Rd8 Ra7 26. Bf3 a4 27. R1d3 axb3 28. axb3 Ra1+ 29. Bd1 c5 30. Kf2 Nc6 31. R8d6 Ra2+ 32. Rd2 Ra3 33. g4 Nd4 34. f5 gxf5 35. gxf5 Bc8 36. Rd8 Ra8 37. Rd3 Ke7 38. Rh8 Kd6 39. Rg3 Ra2+ 40. Ke3 Bd7 41. Rxh6 Ke5 42. Rg7 Bc6 43. Re7+ Kd6 44. Rf7 Ke5 45. Re7+ Kd6 46. Rf7 1/2-1/2

[Event "Wch Seniors 20th"]
[Site "Arco"]
[Date "2010.10.26"]
[Round "1"]
[White "Vanzan, Alessandro"]
[Black "Blaushtain, Boris"]
[Result "0-1"]
[WhiteElo "1751"]
[BlackElo "2139"]
[PlyCount "62"]
[EventDate "2010.10.26"]
[EventType "swiss"]
[EventRounds "11"]
[EventCountry "ITA"]
[SourceTitle "EXT 2011"]
[Source "ChessBase"]
[SourceDate "2010.11.26"]
[SourceVersion "1"]
[SourceVersionDate "2010.11.26"]
[SourceQuality "1"]

1. c4 Nf6 2. Nc3 e5 3. d3 Bc5 4. Nf3 Nc6 5. g3 d6 6. Bg2 h6 7. 0-0 a6 8. Be3 0-0 9. Bxc5 dxc5 10. Na4 Qd6 11. Nd2 Bd7 12. Nc3 Be6 13. Nde4 Nxe4 14. Nxe4 Qe7 15. e3 Rad8 16. Qb3 b6 17. Nc3 Qd7 18. Rad1 Ne7 19. a4 f5 20. Ne2 g5 21. f4 Ng6 22. Qc3 exf4 23. exf4 Qxa4 24. Ra1 Qe8 25. Rxa6 Bc8 26. Bd5+ Rxd5 27. Ra7 Qe3+ 28. Rf2 Rxd3 29. Qe1 gxf4 30. Rxc7 Ne5 31. Kg2 f3+ 0-1

[Event "Wch Seniors 19th"]
[Site "Condino"]
[Date "2009.11.03"]
[Round "7"]
[White "Boehnisch, Manfred"]
[Black "Blaushtain, Boris"]
[Result "1-0"]
[WhiteElo "2366"]
[BlackElo "2155"]
[PlyCount "55"]
[EventDate "2009.10.27"]
[EventType "swiss"]
[EventRounds "11"]
[EventCountry "ITA"]
[SourceTitle "EXT 2010"]
[Source "ChessBase"]
[SourceDate "2010.11.25"]
[SourceVersion "1"]
[SourceVersionDate "2010.11.25"]
[SourceQuality "1"]

1. e4 e6 2. d4 d5 3. Nc3 dxe4 4. Nxe4 Be7 5. Nf3 Nf6 6. Bd3 Nbd7 7. Nxf6+ Bxf6 8. 0-0 0-0 9. c3 c5 10. Be3 cxd4 11. Nxd4 Nc5 12. Bxh7+ Kxh7 13. Qh5+ Kg8 14. Qxc5 b6 15. Qc6 Ba6 16. Rfd1 Rc8 17. Qa4 Bc4 18. Nxe6 Qxd1+ 19. Rxd1 Bxe6 20. Qxa7 Ra8 21. Qxb6 Rab8 22. Qa5 Rxb2 23. a3 Rc8 24. Bd4 Bxd4 25. cxd4 Rcc2 26. h3 g6 27. d5 Rxf2 28. Qa8+ 1-0

[Event "Wch Seniors 19th"]
[Site "Condino"]
[Date "2009.10.29"]
[Round "3"]
[White "Clemens, Christian"]
[Black "Blaushtain, Boris"]
[Result "1-0"]
[WhiteElo "2331"]
[BlackElo "2155"]
[PlyCount "84"]
[EventDate "2009.10.27"]
[EventType "swiss"]
[EventRounds "11"]
[EventCountry "ITA"]
[SourceTitle "EXT 2010"]
[Source "ChessBase"]
[SourceDate "2010.11.25"]
[SourceVersion "1"]
[SourceVersionDate "2010.11.25"]
[SourceQuality "1"]

1. Nf3 d5 2. g3 c5 3. Bg2 Nc6 4. d4 e6 5. 0-0 Nf6 6. c4 b6 7. Nc3 Be7 8. Ne5 Bb7 9. Qa4 Rc8 10. cxd5 exd5 11. Bh3 Rc7 12. Nb5 0-0 13. Nxc7 Qxc7 14. Nxc6 Bxc6 15. Qc2 c4 16. Bf4 Qb7 17. b3 b5 18. a4 a6 19. axb5 axb5 20. bxc4 dxc4 21. f3 Nd5 22. Bd2 c3 23. Bxc3 Ne3 24. Qd2 Nxf1 25. Bxf1 b4 26. Bb2 f5 27. Bh3 b3 28. Qd3 g6 29. g4 f4 30. g5 Bd5 31. Ra6 Bxg5 32. Be6+ Kg7 33. Rd6 Bxe6 34. d5+ Kh6 35. dxe6 Be7 36. Ra6 Bc5+ 37. Kf1 Qe7 38. Qc3 Rf5 39. Rc6 Be3 40. Rc7 Qf8 41. h4 Rc5 42. e7 Rf5 1-0

[Event "Wch Seniors 18th"]
[Site "Bad Zwischenahn"]
[Date "2008.10.29"]
[Round "2"]
[White "Blaushtain, Boris"]
[Black "Opl, Klaus"]
[Result "0-1"]
[WhiteElo "2156"]
[BlackElo "2362"]
[PlyCount "64"]
[EventDate "2008.10.28"]
[EventType "swiss"]
[EventRounds "11"]
[EventCountry "GER"]
[SourceTitle "EXT 2009"]
[Source "ChessBase"]
[SourceDate "2008.11.26"]
[SourceVersion "1"]
[SourceVersionDate "2008.11.26"]
[SourceQuality "1"]

1. d4 Nf6 2. c4 e6 3. Nc3 Bb4 4. Qc2 c5 5. a3 Bxc3+ 6. bxc3 Nc6 7. Nf3 d6 8. e3 e5 9. Bd3 0-0 10. 0-0 Re8 11. Be2 e4 12. Ne1 Bf5 13. Qd1 Qd7 14. f4 exf3 15. gxf3 Rac8 16. Bd2 Bh3 17. Rf2 Qe7 18. Ng2 Nh5 19. d5 Na5 20. Bd3 f5 21. Qc2 Rf8 22. Re1 Qf6 23. Kh1 Rce8 24. Rg1 Kh8 25. Qd1 g5 26. Ne1 Qh6 27. f4 g4 28. Qc2 Rg8 29. Qb1 g3 30. hxg3 Nxg3+ 31. Rxg3 Rxg3 32. Rh2 Reg8 0-1

[Event "EU-ch Seniors 06th"]
[Site "Davos"]
[Date "2006.08.06"]
[Round "2"]
[White "Loktiev, Ivan"]
[Black "Blaushtain, Boris"]
[Result "1/2-1/2"]
[WhiteElo "2383"]
[BlackElo "2136"]
[PlyCount "73"]
[EventDate "2006.08.05"]
[EventType "swiss"]
[EventRounds "9"]
[EventCountry "SUI"]
[SourceTitle "CBM 113 Extra"]
[Source "ChessBase"]
[SourceDate "2006.09.14"]
[SourceVersion "1"]
[SourceVersionDate "2006.09.14"]
[SourceQuality "1"]

1. d4 c6 2. Nf3 d5 3. e3 Bf5 4. c4 Nf6 5. Nc3 e6 6. Be2 h6 7. 0-0 Nbd7 8. Bd2 Bd6 9. c5 Bc7 10. b4 0-0 11. b5 cxb5 12. Nxb5 Bb8 13. Qb3 a6 14. Nc3 Qc7 15. Rfc1 Ne4 16. Be1 Nxc3 17. Bxc3 f6 18. Bb4 Qc6 19. Bd3 Bxd3 20. Qxd3 e5 21. Qf5 Bc7 22. Rab1 Rf7 23. Ba3 Rb8 24. Rb3 Nf8 25. dxe5 fxe5 26. Qg4 e4 27. Nd4 Qf6 28. Rc2 Nd7 29. Qe6 Qh4 30. h3 Qh5 31. Rd2 Ne5 32. Qxd5 Qg6 33. Rb6 Bxb6 34. Qxe5 Bc7 35. Qd5 Rd8 36. Qb3 Kh7 37. Bb2 1/2-1/2

[Event "EU-ch Seniors 06th"]
[Site "Davos"]
[Date "2006.08.05"]
[Round "1"]
[White "Blaushtain, Boris"]
[Black "Schmieder, Horst"]
[Result "1-0"]
[WhiteElo "2136"]
[BlackElo "1777"]
[PlyCount "87"]
[EventDate "2006.08.05"]
[EventType "swiss"]
[EventRounds "9"]
[EventCountry "SUI"]
[SourceTitle "CBM 113 Extra"]
[Source "ChessBase"]
[SourceDate "2006.09.14"]
[SourceVersion "1"]
[SourceVersionDate "2006.09.14"]
[SourceQuality "1"]

1. d4 d5 2. c4 Nf6 3. cxd5 Qxd5 4. Nc3 Qd8 5. e4 e6 6. Be3 Be7 7. Bd3 c6 8. h3 b6 9. Nge2 Ba6 10. Bxa6 Nxa6 11. a3 Nc7 12. 0-0 0-0 13. Qc2 h6 14. Rad1 Qc8 15. f4 Nh7 16. g4 f5 17. gxf5 exf5 18. e5 Kh8 19. Kh2 Nd5 20. Nxd5 cxd5 21. Nc3 Qe6 22. Qb3 g5 23. Qxd5 Qxd5 24. Nxd5 Rf7 25. Nxe7 Rxe7 26. fxg5 hxg5 27. Rxf5 Rg8 28. d5 g4 29. h4 Nf8 30. Rh5+ Rh7 31. Rxh7+ Kxh7 32. Kg3 Nd7 33. Bd4 Nc5 34. Bxc5 bxc5 35. d6 Kg6 36. e6 Kf6 37. d7 Ke7 38. h5 Kd8 39. h6 Rh8 40. e7+ Kxe7 41. d8R Rxh6 42. R1d7+ Kf6 43. Rd6+ Kg5 44. Rg8+ 1-0

[Event "Wch Seniors 15th"]
[Site "Lignano Sabbiadoro"]
[Date "2005.10.09"]
[Round "11"]
[White "Blaushtain, Boris"]
[Black "Titz, Herbert"]
[Result "1/2-1/2"]
[WhiteElo "2170"]
[BlackElo "2079"]
[PlyCount "139"]
[EventDate "2005.09.28"]
[EventType "swiss"]
[EventRounds "11"]
[EventCountry "ITA"]
[SourceTitle "CBM 108 Extra"]
[Source "ChessBase"]
[SourceDate "2005.11.04"]
[SourceVersion "1"]
[SourceVersionDate "2005.11.04"]
[SourceQuality "1"]

1. c4 Nf6 2. Nc3 e6 3. g3 c5 4. Bg2 Nc6 5. e4 e5 6. Nge2 Be7 7. 0-0 0-0 8. d3 d6 9. h3 Nd4 10. f4 Bd7 11. Be3 Ne8 12. f5 Bg5 13. Bf2 Nc7 14. Kh2 b5 15. h4 Be7 16. Be3 Rb8 17. b3 a5 18. Nd5 b4 19. Nxe7+ Qxe7 20. Bh3 f6 21. g4 Kf7 22. Ng3 Ke8 23. g5 Rh8 24. Rg1 Kd8 25. gxf6 gxf6 26. Nh5 Ne8 27. Bh6 Kc7 28. Rc1 Kb6 29. Rg3 a4 30. Be3 Nc6 31. Bf1 Qf7 32. Be2 Rg8 33. Rxg8 Qxg8 34. Qd2 axb3 35. Rg1 Qf7 36. axb3 Ra8 37. Qb2 Bc8 38. Ra1 Rxa1 39. Qxa1 Qa7 40. Qxa7+ Kxa7 41. Bh6 Ne7 42. Bf8 Ng8 43. Kg3 Bd7 44. Kf2 Kb6 45. Ke1 Kc7 46. Kd2 Kd8 47. Bd1 Bc6 48. Ng3 Ne7 49. Ke3 Nc7 50. Bh5 Be8 51. Bd1 Bf7 52. Nh5 Ne8 53. Ng3 Nc6 54. h5 Nd4 55. h6 Kd7 56. Kd2 Kd8 57. Kc1 Nc6 58. Kb2 Nb8 59. Bg7 Ke7 60. Be2 Na6 61. Kc1 Nac7 62. Kd2 Nxg7 63. hxg7 Ne8 64. Ke3 Nxg7 65. Kf2 Kf8 66. Kg2 Ne8 67. Nh5 Bxh5 68. Bxh5 Nc7 69. Kg3 Na6 70. Bd1 1/2-1/2

[Event "Wch Seniors 15th"]
[Site "Lignano Sabbiadoro"]
[Date "2005.10.08"]
[Round "10"]
[White "Taksrud, Vidar"]
[Black "Blaushtain, Boris"]
[Result "1-0"]
[WhiteElo "2049"]
[BlackElo "2170"]
[PlyCount "155"]
[EventDate "2005.09.28"]
[EventType "swiss"]
[EventRounds "11"]
[EventCountry "ITA"]
[SourceTitle "CBM 108 Extra"]
[Source "ChessBase"]
[SourceDate "2005.11.04"]
[SourceVersion "1"]
[SourceVersionDate "2005.11.04"]
[SourceQuality "1"]

1. Nf3 d5 2. d4 Nf6 3. g3 g6 4. Bg2 Bg7 5. 0-0 0-0 6. c4 dxc4 7. Nc3 Nbd7 8. h3 c6 9. a4 a5 10. e4 b6 11. Qe2 e6 12. Rd1 Bb7 13. Qxc4 Rc8 14. Bf4 Qe7 15. e5 Nd5 16. Bg5 Qb4 17. Qxb4 Nxb4 18. Ne4 Nd5 19. Nd6 Rc7 20. Nd2 h6 21. Bxd5 hxg5 22. Bg2 Ba6 23. Rac1 c5 24. N2e4 Bh6 25. g4 Rd8 26. b3 Bf8 27. Nxg5 Bxd6 28. exd6 Rcc8 29. d5 e5 30. Re1 Kg7 31. Kh2 Re8 32. Kg3 Rcd8 33. Rc3 Nf8 34. Rf3 Rd7 35. Ne4 Nh7 36. g5 Bb7 37. Nf6 Nxf6 38. Rxf6 Kf8 39. h4 Red8 40. Rxe5 Rxd6 41. Ree6 R6d7 42. Rxb6 Bxd5 43. Bxd5 Rxd5 44. Rb7 R8d7 45. Rxd7 Rxd7 46. Rb6 Rd3+ 47. f3 c4 48. bxc4 Ra3 49. Ra6 Rxa4 50. c5 Ke7 51. Ra7+ Ke6 52. Ra6+ Ke7 53. f4 Ra3+ 54. Kg4 Ra1 55. Kf3 a4 56. Ke4 a3 57. Kd5 a2 58. Ra7+ Ke8 59. Kc6 Kd8 60. Rd7+ Ke8 61. Rd2 Ke7 62. Rh2 f6 63. Re2+ Kf7 64. Rd2 fxg5 65. fxg5 Ke7 66. Rc2 Ke6 67. Kc7 Kd5 68. c6 Ke6 69. Kc8 Kf5 70. c7 Kg4 71. Rc4+ Kh5 72. Ra4 Rc1 73. Rxa2 Rc4 74. Ra5 Ra4 75. Rd5 Rc4 76. Kd8 Rd4 77. Rd7 Re4 78. Rh7+ 1-0